书目信息 |
| 题名: |
色觉检查图
|
|
| 作者: | 贾永源 编绘 | |
| 分册: | ||
| 出版信息: | 天津 天津科学技术出版社 1982 |
|
| 页数: | 1册 | |
| 开本: | 19cm | |
| 丛书名: | ||
| 单 册: | ||
| 中图分类: | R770.42-64 , R770.42 | |
| 科图分类: | ||
| 主题词: | 色觉试验--图表 , 眼科学 | |
| 电子资源: | ||
| ISBN: | ||
| 000 | 00676nam0 2200265 45 | |
| 001 | 0182009727 | |
| 005 | 20061122105839.59 | |
| 010 | @dCNY4.60 | |
| 091 | @a14212.66 | |
| 100 | @a19950509d1982 em y0chiy0121 ea | |
| 101 | 0 | @achi |
| 102 | @aCN@b120000 | |
| 105 | @aa z 000yy | |
| 106 | @ar | |
| 200 | 10 | @a色觉检查图@Ase jue jian cha tu@f贾永源编绘 |
| 210 | @a天津@c天津科学技术出版社@d1982 | |
| 215 | @a1册@d19cm | |
| 606 | @a色觉试验@x图表 | |
| 606 | 0 | @a眼科学 |
| 690 | @aR770.42-64@v3 | |
| 690 | @aR770.42@v3 | |
| 701 | 0 | @a贾永源@Ajia yong yuan@4编绘 |
| 801 | 0 | @aCN@b上海图书馆@c20061122 |
| 801 | 2 | @aCN@bNLC@c20040524 |
| 905 | @f1@b101825@dR770.42@e2 | |
| 色觉检查图/贾永源编绘.-天津:天津科学技术出版社,1982 |
| 1册;19cm |
| ISBN :CNY4.60 |
| ● |
| 相关链接 |
|
|
|
|
正题名:色觉检查图
索取号:R770.42/2
 
预约/预借
| 序号 | 登录号 | 条形码 | 馆藏地/架位号 | 状态 | 备注 |
| 1 | 0101825 | 000717031 | 密集书库/ [索取号:R770.42/2] | 在馆 | |
| 2 | 0101826 | 202450409 | 第二样本阅览室/ [索取号:R770.42/2] | 在馆 |